División celular y herencia /

Guardado en:
Autor Principal: Kemp, R F O
Formato: Libro
Publicado: Barcelona : Omega, 1976
Materias:
Etiquetas: Agregar Etiqueta
Sin Etiquetas, Sea el primero en etiquetar este registro!
LEADER 00530nam a22002055a 4500
001 CEM.cems016597
005 20091209154413.0
008 130507s1976##################000#0#####d
003 CEMS
082 0 4 |a 575.1 
100 1 |a Kemp, R F O 
245 1 0 |a División celular y herencia /  |c R F O Kemp, 
260 |a Barcelona :  |b Omega,  |c 1976 
300 |a 50 p. 
653 |a Célula 
653 |a Reproducción 
653 |a Mitosis 
653 |a Mendelismo 
653 |a Meiosis 
859 |a CEMS  |b BIB. CEMS - Agricultura  |h 575.1  |i K32  |p A18224.95  |t Ej.1